00814nam a2200181 a 450000100060000000300090000600800410001502000190005604000280007508200160010310000240011924500440014326000230018730000080021050503160021865000570053465000410059122733CO-ViMGA141112s2004 ck r 000 u spa d a978 9587112429 aCO-ViMGAbspacCO-ViMGA04a343.2 C151d1 aCamargo Pedro Pablo10aEl delito de enriquecimiento ilícito aEspaña : bLeyer a183 aEnriquecimiento ilicito de servicios publicos, Enriquecimiento ilicito de particulares, Sentencias sobre exequibilidad del delito de enriquecimiento ilicito d e particulares, El enrequicimiento ilicito procedencia, no hay enriquecimiento ilicito, Las actividades delictivas y la presuncion de inocencia14aDELITOS CONTRA LA ADMINISTRACION PUBLICA - COLOMBIA 14aENRIQUECIMIENTO ILICITO - COLOMBIA